000 00732nam a2200229Ia 4500
001 1079
003 GE_BSU
008 181216s||||||||xx |||||||||||||| ||und||
040 _cGE_BSU
080 _a574
100 _aТелитченко,М.М.
245 _aВведение в проблемы биохимичесчкой экологии.
245 _bБиотехнология,Сельское хозяйство,охрана среды
245 _cОтв.ред.В.Н.Большаков
260 _aМосква
260 _bНаука
260 _c1990
300 _a288стр.
541 _h8л.
653 _aВведение в проблемы биохимичесчкой экологии
942 _cBK
999 _c35233
_d35233